| 000 | 01076nam a2200217Ia 4500 | ||
|---|---|---|---|
| 999 |
_c37471 _d37471 |
||
| 001 | 3432 | ||
| 003 | GE_BSU | ||
| 005 | 20190614145109.0 | ||
| 008 | 181216s1996||||ge |||||||||||||| ||geo|| | ||
| 040 | _cGE_BSU | ||
| 041 | _ageo | ||
| 080 | _a339.4(479.223) მ–27 | ||
| 100 |
_aმანველიძე, რეზო _91497 |
||
| 245 |
_aაჭარის ავტონომიური რესპუბლიკის სოფლის მეურნეობის საწარმოო პოტენციალის კვლავწარმოება საბაზრო ეკონომიკის პირობებში / _cრეზო მანველიძე ; რედ. ნუგზარ ბერიძე. |
||
| 264 |
_aბათუმი : _b"აჭარა", _c1996. |
||
| 300 |
_a340 გვ. ; _b21 სმ. |
||
| 653 | _aეკონომიკა | ||
| 653 | _aსოფლის მეურნეობა | ||
| 700 |
_aბერიძე, ნუგზარ _eრედაქტორი _92493 |
||
| 942 |
_cBK _2udc |
||